banner koha

Sarcoma gástrico em cão: relato de caso (Registro n. 329782)

MARC details
000 -LÍDER
fixed length control field 03713nab a2200325 i 4500
003 - CÓDIGO MARC DA AGÊNCIA CATALOGADORA
Campo de controle BR-BrBNA
005 - DATA E HORA DA ÚLTIMA ATUALIZAÇÃO
Campo de controle 20250131153922.0
008 - CAMPO DE TAMANHO FIXO
fixed length control field 250131b2016 bl.|r|pooa||| 00| 0 por |
040 ## - FONTE DA CATALOGAÇÃO
Agência catalogadora BR-BrBNA
Idioma da catalogação por
072 ## - CATEGORIA AGRIS
Código AGRIS L73
Código do objeto 5400
072 ## - CATEGORIA AGRIS
Código AGRIS L70
100 ## - ENTRADA PRINCIPAL - NOME PESSOAL
Nome pessoal Américo. P.M.A.
100 ## - ENTRADA PRINCIPAL - NOME PESSOAL
Nome pessoal Yoshitoshi, F.N.
100 ## - ENTRADA PRINCIPAL - NOME PESSOAL
Nome pessoal Oliveira, G.V.
100 ## - ENTRADA PRINCIPAL - NOME PESSOAL
Nome pessoal Noronha, N.P.
100 ## - ENTRADA PRINCIPAL - NOME PESSOAL
Nome pessoal Siqueira, R.F.
245 ## - TÍTULO PRINCIPAL
Título principal Sarcoma gástrico em cão: relato de caso
500 ## - NOTA GERAL
Nota geral <br/>Publicação online; 9 ref.; 2 illus.; Summaries (En, Pt)
942 ## - ADDED ENTRY ELEMENTS (KOHA)
Koha item type Analítica
520 ## - NOTA DE RESUMO
Nota de conteúdo <br/><br/><br/>RESUMO - Tumores gástricos em animais domésticos são raros, e a literatura pertinente é escassa. Em humanos, esse tumor representa 80% dos tumores mesenquimais do trato digestivo, sendo mais comum no estômago (70%). Indivíduos de meia-idade e idosos, principalmente do gênero masculino, são os mais afetados, e o diagnosticado é feito com base em suas manifestações clínicas associadas à morfologia celular típica e à imuno-histoquímica positiva. O presente trabalho objetiva descrever um sarcoma gástrico em cão, assim como o diagnóstico, o tratamento cirúrgico e o pós-cirúrgico do animal. Foi atendido no Hospital Veterinário da Universidade Metropolitana de Santos (Unimes) um cão macho, SRD, 10 anos, 8,3kg, castrado, com bom estado geral, com queixa de emese há um ano. Na ultrassonografia abdominal foi observada a presença de uma formação arredondada no estômago que media 3,20 x 2,61cm, localizada na região epigástrica em contiguidade com a parede. O cão foi submetido a endoscopia gástrica, em que se observou a presença de uma massa arredondada na região pilórica, confirmada na laparotomia e na gastrotomia. O tumor retirado foi enviado para avaliação anatomopatológica, e os achados foram compatíveis com sarcoma estromal gástrico.<br/><br/><br/>Palavras-chaves: cão, sarcoma, neoplasia gástrica
520 ## - NOTA DE RESUMO
Nota de conteúdo <br/><br/><br/>ABSTRACT - Gastric tumors in domestic animals are rare and the literature is scarce. In humans this tumor represents 80% of mesenchymal tumors of the digestive tract, most commonly in the stomach (70%). Affected individuals are middle-aged and elderly, especially males, diagnosed from its clinical manifestations in association with typical cell morphology and positive immunohistochemistry. The aim of this report was to describe a gastric sarcoma in a dog, as well as the diagnosis, surgical and post surgical treatment. The experiment was conducted in the Veterinary Hospital of the Metropolitan University of Santos (UNIMES) on a male dog, SRD, 10 years old, 8.3kg, castrated, in a good general condition, with complaint of emesis for year. In the abdominal ultrasound exam we observed the presence of a round formation in the stomach which measured 3.20 x 2.61cm, located in the epigastric region contiguous with the wall. The dog was submitted to gastric endoscopy, in which the presence of a rounded mass in the pyloric region was observed, and laparotomy and gastrostomy were performed. The removed tumor was sent for pathologic evaluation, where the findings were compatible with gastric stromal sarcoma.<br/><br/><br/>Keywords: dog, sarcoma, gastric neoplasia
650 ## - ASSUNTO - THESAGRO
Cabeçalho tópico ou nome geográfico CÃO
650 ## - ASSUNTO - THESAGRO
Cabeçalho tópico ou nome geográfico DOENÇA ANIMAL
650 ## - ASSUNTO - THESAGRO
Cabeçalho tópico ou nome geográfico NEOPLASIA
650 ## - ASSUNTO - THESAGRO
Cabeçalho tópico ou nome geográfico SARCOMA
650 ## - ASSUNTO - THESAGRO
Cabeçalho tópico ou nome geográfico VETERINÁRIA
773 0# - ENTRADA ANALÍTICA
Host Biblionumber 1643
Registro do item 348181
Imprenta Belo Horizonte-MG Universidade Federal de Minas Gerais - Escola de Veterinaria 1983
Outro identificador 2025-0670
Título Arquivo Brasileiro de Medicina Veterinária e Zootecnia (Brazil)
ISSN 0102-0935
Colação v. 68(5) p. 1183-1186; (2016)
Número de controle de registro BR2024004644
856 ## - ACESSO E ENDEREÇO ELETRÔNICO
Identificador uniforme de recurso - URI https://www.scielo.br/j/abmvz/a/Qbr5tKJbW464D3DkFwLpVrw/?format=pdf&lang=pt

Nenhum exemplar disponível.

BINAGRI

Telefone: (61)3218-2567/2388/3357/2097 - binagri@agro.gov.br

Ministério da Agricultura e Pecuária , Esplanada dos Ministérios, Bloco D, Anexo B, Brasília/DF, CEP: 70.043-900